000 00365nam a2200145Ia 4500
008 230711s9999||||xx |||||||||||||| ||und||
041 _aENG
082 _a621
_bGU-E
100 _aGupta J.B
245 0 _aElements of electronics instrumentation
250 _a2nd
260 _c1994
_aNew Delhi
_bS.K Kataria & Sons
650 _aElectronics Engineering
942 _cBK
999 _c2624
_d2624